This difficult individual, Ezra Pound / (Record no. 187123)

MARC details
000 -LEADER
campo de control de longitud fija 00583nam a2200181 i 4500
001 - NÚMERO DE CONTROL
campo de control 187123
003 - IDENTIFICADOR DE NÚMERO DE CONTROL
campo de control ES-MaACL
005 - FECHA Y HORA DE LA ÚLTIMA TRANSACCIÓN
campo de control 20230906222824.0
008 - DATOS DE LONGITUD FIJA--INFORMACIÓN GENERAL
campo de control de longitud fija 170419s1961 xxu |||| |beng d
080 ## - NÚMERO DE LA CLASIFICACIÓN DECIMAL UNIVERSAL
Número de la Clasificación Decimal Universal 929 Pound, Ezra
100 1# - ENTRADA PRINCIPAL--NOMBRE DE PERSONA
Nombre de persona Mullins, Eustace.
9 (RLIN) 162414
245 10 - MENCIÓN DEL TÍTULO
Título This difficult individual, Ezra Pound /
Mención de responsabilidad, etc. by Eustace Mullins.
260 ## - PUBLICACIÓN, DISTRIBUCIÓN, ETC.
Lugar de publicación, distribución, etc. New York :
Nombre del editor, distribuidor, etc. Fleet Publishing Corporation,
Fecha de publicación, distribución, etc. [1961]
300 ## - DESCRIPCIÓN FÍSICA
Extensión 388 p. ;
Dimensiones 21 cm.
500 ## - NOTA GENERAL
Nota general Índice onomástico.
600 14 - PUNTO DE ACCESO ADICIONAL DE MATERIA--NOMBRE DE PERSONA
Nombre de persona Pound, Ezra (
Fechas asociadas al nombre 1885-1972)-
Subdivisión general Biografías.
9 (RLIN) 93451
852 ## - LOCALIZACIÓN
Ubicación ES-MaACL
Número de control de estantería L-31447
Nota libre - enc. cart.
Holdings
Estatus retirado Estado de pérdida Estado de daño No para préstamo Biblioteca de origen Biblioteca actual Ubicación en estantería Fecha de adquisición Fuente de adquisición Total de préstamos Signatura topográfica completa Código de barras Visto por última vez Precio de reemplazo Tipo de ítem Koha
        Biblioteca del Ateneo de Madrid Biblioteca del Ateneo de Madrid Depósito 2 19/04/2017     L-31447 1197418 23/02/2023 23/02/2023 Libro impreso